[Event "CAN-op"]
[Site "Sackville CAN"]
[Date "2001.??.??"]
[Round "8"]
[White "Brodie, Hugh"]
[Black "Gillanders, Robert"]
[Result "1/2-1/2"]
[WhiteElo "1970"]
[BlackElo "1813"]
[PlyCount "58"]
[EventDate "2001.07.07"]
[EventType "swiss"]
[EventRounds "10"]
[EventCountry "CAN"]

1. e4 e6 2. d3 d5 3. Nd2 c5 4. Ngf3 Nc6 5. g3 Qc7 6. Bg2 Nf6 7. O-O dxe4 8.
dxe4 e5 9. c3 h6 10. Qc2 Be6 11. Rd1 c4 12. Nf1 Bc5 13. Be3 Bd6 14. Rd2 O-O 15.
Rad1 Rad8 16. h3 b5 17. g4 g5 18. Ng3 Rfe8 19. Nf5 Bf8 20. Ng3 Rxd2 21. Rxd2
Rd8 22. Kf1 Rxd2 23. Qxd2 Qd7 24. Ke2 Qxd2+ 25. Kxd2 Nd7 26. Nf5 a5 27. Bf1 Nf6
28. Ng3 Nd8 29. Bb6 Nc6 1/2-1/2

[Event "CAN-op"]
[Site "Sackville CAN"]
[Date "2001.??.??"]
[Round "9"]
[White "Brodie, Hugh"]
[Black "Johnson, Kyle"]
[Result "1/2-1/2"]
[WhiteElo "1970"]
[BlackElo "1745"]
[PlyCount "48"]
[EventDate "2001.07.07"]
[EventType "swiss"]
[EventRounds "10"]
[EventCountry "CAN"]

1. b3 e5 2. Bb2 d6 3. e3 Nd7 4. c4 Ngf6 5. d3 g6 6. g3 Bg7 7. Bg2 O-O 8. Ne2 c6
9. Nbc3 Ne8 10. O-O f5 11. Qd2 Nef6 12. f4 Qe7 13. Rac1 Nb6 14. Ba3 Rd8 15. e4
Be6 16. d4 Bxc4 17. bxc4 Nxc4 18. Qc2 Nxa3 19. Qb3+ Qf7 20. Qxa3 exd4 21. Nxd4
Nxe4 22. Nxe4 Bxd4+ 23. Nf2 d5 24. Rfe1 Re8 1/2-1/2

[Event "CAN-op"]
[Site "Sackville CAN"]
[Date "2001.07.15"]
[Round "10"]
[White "Jew, Harold"]
[Black "Brodie, Hugh"]
[Result "1-0"]
[WhiteElo "1843"]
[BlackElo "1970"]
[PlyCount "67"]
[EventDate "2001.07.07"]
[EventType "swiss"]
[EventRounds "10"]
[EventCountry "CAN"]

1. b4 c6 2. Bb2 Qb6 3. c3 d5 4. Qc2 Nf6 5. e3 Bg4 6. a3 a5 7. bxa5 Rxa5 8. c4
e6 9. Bd4 c5 10. Bxf6 gxf6 11. Be2 Bf5 12. Bd3 Bxd3 13. Qxd3 d4 14. Qc2 Nc6 15.
Ra2 Be7 16. Nf3 O-O 17. O-O Rfa8 18. Rb2 Qc7 19. Rb3 f5 20. Re1 Bf6 21. Qb2
R8a7 22. Qc2 Ra4 23. e4 Na5 24. Rb5 Rxc4 25. Qd3 Ra4 26. exf5 Qc6 27. fxe6 fxe6
28. Ne5 Qd5 29. Ng4 Bg7 30. Qg3 Kf7 31. Qc7+ Kg6 32. Rxc5 Qb3 33. Qc8 Ra6 34.
Qe8# 1-0

[Event "National op"]
[Site "Las Vegas USA"]
[Date "2001.03.09"]
[Round "1"]
[White "Akobian, Varuzhan"]
[Black "Brodie, Hugh"]
[Result "1-0"]
[WhiteElo "2413"]
[BlackElo "2032"]
[PlyCount "81"]
[EventDate "2001.03.15"]
[EventType "swiss"]
[EventRounds "6"]
[EventCountry "USA"]

1. d4 e6 2. c4 f5 3. Nf3 Nf6 4. Nc3 b6 5. a3 Bb7 6. g3 Be7 7. Bg2 O-O 8. O-O
Ne4 9. Qc2 Nxc3 10. Qxc3 Qe8 11. Ne1 Bxg2 12. Nxg2 Bf6 13. Qd2 d6 14. b3 Nd7
15. Bb2 e5 16. dxe5 dxe5 17. Qd5+ Qf7 18. Rad1 Rad8 19. Qc6 Nc5 20. b4 Ne6 21.
Rd5 Rxd5 22. cxd5 Nd8 23. Qa8 Qd7 24. Qxa7 Qxd5 25. Qxc7 Qb3 26. Qc3 Qe6 27.
Rc1 b5 28. Qc5 Qb3 29. Bxe5 Bxe5 30. Qxe5 Qxa3 31. Rb1 Qa2 32. Rd1 Qa4 33. Ne3
Nf7 34. Qb2 Qa7 35. Nxf5 Ng5 36. Qb3+ Kh8 37. Qe3 Qa4 38. Rc1 h6 39. Qe5 Rf7
40. h4 Nh7 41. Rc8+ 1-0

[Event "National op"]
[Site "Las Vegas USA"]
[Date "2001.03.09"]
[Round "2"]
[White "Brodie, Hugh"]
[Black "Dokuchayev, Andrey"]
[Result "0-1"]
[WhiteElo "2032"]
[BlackElo "2290"]
[PlyCount "80"]
[EventDate "2001.03.15"]
[EventType "swiss"]
[EventRounds "6"]
[EventCountry "USA"]

1. e4 e6 2. d3 d5 3. Nd2 b6 4. Ngf3 Bb7 5. g3 Be7 6. Bg2 Nf6 7. e5 Nfd7 8. O-O
a5 9. Re1 a4 10. Nf1 a3 11. b3 c5 12. h4 Nc6 13. N1h2 Qc7 14. Bf4 b5 15. Ng4
Nb6 16. h5 h6 17. d4 cxd4 18. Nxd4 Nxd4 19. Qxd4 Bc5 20. Qd3 b4 21. Rac1 Ba6
22. Qd2 Rc8 23. Kh2 d4 24. Be4 Bb7 25. Bd3 Nd5 26. Bb5+ Bc6 27. Ba6 Rd8 28. Bc4
Nc3 29. Ra1 Bf3 30. Kh3 Qb7 31. Bd3 Be7 32. Rg1 Nd5 33. Nh2 Bxh5 34. g4 Bg6 35.
Bxg6 fxg6 36. Qxd4 O-O 37. Be3 Nf4+ 38. Qxf4 Rxf4 39. Bxf4 Qe4 40. Bg3 Qxc2 0-1

[Event "National op"]
[Site "Las Vegas USA"]
[Date "2001.03.10"]
[Round "3"]
[White "Field, Frederick"]
[Black "Brodie, Hugh"]
[Result "0-1"]
[WhiteElo "1882"]
[BlackElo "2032"]
[PlyCount "80"]
[EventDate "2001.03.15"]
[EventType "swiss"]
[EventRounds "6"]
[EventCountry "USA"]

1. e4 c5 2. Nc3 Nc6 3. f4 e6 4. Nf3 a6 5. d3 Nf6 6. Be2 Be7 7. O-O d6 8. Kh1
Qc7 9. a3 b5 10. Qe1 Bb7 11. Bd2 Rc8 12. Qg3 Nd4 13. Bd1 Nxf3 14. Bxf3 g6 15.
Rae1 Kd7 16. Qh3 Rce8 17. f5 exf5 18. exf5 Bxf3 19. Rxf3 Kc6 20. Bg5 Bd8 21.
Ref1 Nd5 22. Bxd8 Qxd8 23. Nxd5 Kxd5 24. c4+ Kc6 25. b4 Qg5 26. Rf4 Qxf4 27. g3
Qe3 28. Qg2+ Kc7 29. cxb5 axb5 30. fxg6 fxg6 31. Qb2 Rhg8 32. bxc5 Qxd3 33.
cxd6+ Kb6 34. Qf2+ Qe3 35. Qf7 Qe4+ 36. Kg1 Qe3+ 37. Kh1 Qe4+ 38. Kg1 Qc4 39.
d7 Qxf7 40. Rxf7 Rd8 0-1

[Event "National op"]
[Site "Las Vegas USA"]
[Date "2001.03.10"]
[Round "4"]
[White "Brodie, Hugh"]
[Black "Grotts, Charles"]
[Result "0-1"]
[WhiteElo "2032"]
[BlackElo "2210"]
[PlyCount "70"]
[EventDate "2001.03.15"]
[EventType "swiss"]
[EventRounds "6"]
[EventCountry "USA"]

1. e4 e6 2. d3 d5 3. Nd2 c5 4. Ngf3 Nf6 5. g3 b6 6. Bg2 Bb7 7. e5 Nfd7 8. O-O
Nc6 9. Re1 Qc7 10. Qe2 h6 11. Nf1 g5 12. h3 Bg7 13. N1h2 Ncxe5 14. Nxe5 Qxe5
15. Qd1 Qc7 16. Qh5 Nf6 17. Qe2 O-O-O 18. c3 Rhe8 19. Bd2 e5 20. b4 c4 21. a4
a6 22. Bf1 cxd3 23. Qxd3 e4 24. Qe2 Nd7 25. Be3 f5 26. Bd4 Bxd4 27. cxd4 Qd6
28. Qd2 Kb8 29. Rab1 Rc8 30. Rb3 Rc7 31. Be2 Rec8 32. Bd1 Nf8 33. f4 gxf4 34.
gxf4 Ne6 35. Rf1 Rc4 0-1

[Event "National op"]
[Site "Las Vegas USA"]
[Date "2001.03.11"]
[Round "5"]
[White "Newry, Robert"]
[Black "Brodie, Hugh"]
[Result "0-1"]
[WhiteElo "1738"]
[BlackElo "2032"]
[PlyCount "92"]
[EventDate "2001.03.15"]
[EventType "swiss"]
[EventRounds "6"]
[EventCountry "USA"]

1. e4 c5 2. Nf3 Nc6 3. Be2 g6 4. O-O Bg7 5. c3 Nf6 6. e5 Nd5 7. d4 cxd4 8. cxd4
d6 9. exd6 Qxd6 10. Be3 O-O 11. Nc3 Bg4 12. Qb3 e6 13. Ne4 Qe7 14. Rfd1 Rac8
15. Rac1 Rfd8 16. h3 Bxf3 17. Bxf3 h6 18. a3 Na5 19. Qa2 b6 20. b4 Nb7 21. Qd2
Kh7 22. Rxc8 Rxc8 23. Rc1 Rc7 24. Nc3 Nxc3 25. Rxc3 Rxc3 26. Qxc3 Nd6 27. Qd3
Nf5 28. Qe4 Qc7 29. d5 exd5 30. Qxd5 Nxe3 31. fxe3 Qc1+ 32. Kh2 Qxa3 33. Qxf7
Qxe3 34. Bd5 h5 35. b5 Kh6 36. Qf3 Be5+ 37. g3 Qd2+ 38. Qg2 Qd3 39. Bc6 h4 40.
Kh1 hxg3 41. Bf3 Qxb5 42. Qd2+ Kh7 43. Be2 Qc6+ 44. Kg1 Qe4 45. Qd7+ Kh6 46.
Qd2+ Bf4 0-1

[Event "National op"]
[Site "Las Vegas USA"]
[Date "2001.03.11"]
[Round "6"]
[White "Brodie, Hugh"]
[Black "Kangleon, Jesus"]
[Result "1-0"]
[WhiteElo "2032"]
[BlackElo "2167"]
[PlyCount "57"]
[EventDate "2001.03.15"]
[EventType "swiss"]
[EventRounds "6"]
[EventCountry "USA"]

1. b3 e5 2. Bb2 Nc6 3. e3 Nf6 4. Bb5 d6 5. d3 Bd7 6. Nf3 a6 7. Bxc6 Bxc6 8. c4
Be7 9. O-O O-O 10. Nc3 Re8 11. e4 Bf8 12. Ne1 Bd7 13. f4 c6 14. Qd2 Qc7 15. Nf3
Rad8 16. Ne2 Bg4 17. Rac1 Qb8 18. Qe1 Bxf3 19. Rxf3 Nd7 20. Qh4 Be7 21. Qh5 g6
22. Qh3 Rf8 23. f5 Kg7 24. Rcf1 f6 25. Bc1 g5 26. Qh5 Rh8 27. Bxg5 fxg5 28. f6+
Bxf6 29. Rxf6 1-0

[Event "Pere Noel"]
[Site "Montreal CAN"]
[Date "2000.12.26"]
[Round "1"]
[White "Plante, Michel"]
[Black "Brodie, Hugh"]
[Result "1/2-1/2"]
[WhiteElo "2020"]
[BlackElo "1895"]
[PlyCount "79"]
[EventDate "2000.12.26"]
[EventType "swiss"]
[EventRounds "5"]
[EventCountry "CAN"]

1. d4 e6 2. Nf3 f5 3. Nc3 Nf6 4. Bg5 Bb4 5. a3 Bxc3+ 6. bxc3 b6 7. Ne5 Bb7 8.
f3 O-O 9. e3 d6 10. Nd3 Qe8 11. Be2 Nbd7 12. O-O e5 13. Nf2 h6 14. Bxf6 Nxf6
15. c4 Rd8 16. d5 Nd7 17. Kh1 Nc5 18. Rg1 f4 19. e4 Kh7 20. g3 g5 21. gxf4 gxf4
22. Bf1 Bc8 23. Bh3 Bxh3 24. Nxh3 Qh5 25. Nf2 Rg8 26. Rg4 Rxg4 27. Nxg4 Nd7 28.
Qe2 Qf7 29. Rg1 Nf6 30. Qg2 Nxg4 31. Qxg4 Rg8 32. Qh3 Rxg1+ 33. Kxg1 Qg6+ 34.
Kf2 Qe8 35. Qf5+ Kg7 36. Qg4+ Kh7 37. Qh4 Qd7 38. Qf6 Qh3 39. Qf7+ Kh8 40. Qf6+
1/2-1/2

[Event "Pere Noel"]
[Site "Montreal CAN"]
[Date "2000.12.27"]
[Round "2"]
[White "Brodie, Hugh"]
[Black "Thomas, Michel"]
[Result "1/2-1/2"]
[WhiteElo "1895"]
[BlackElo "1842"]
[PlyCount "151"]
[EventDate "2000.12.26"]
[EventType "swiss"]
[EventRounds "5"]
[EventCountry "CAN"]

1. e4 e6 2. d3 d5 3. Nd2 c5 4. Ngf3 Nc6 5. g3 Bd6 6. Bg2 Nge7 7. O-O O-O 8. Re1
b6 9. Nf1 Bb7 10. h4 dxe4 11. dxe4 e5 12. Ne3 Nd4 13. c3 Nxf3+ 14. Bxf3 Bc7 15.
Qb3 Qe8 16. Ng4 Kh8 17. Bg2 Rd8 18. Be3 Ng8 19. Bxc5 Bd6 20. Bxd6 Rxd6 21. Rad1
Qe7 22. Ne3 g6 23. Rxd6 Qxd6 24. Rd1 Qe7 25. Nd5 Qe6 26. Ne3 Qc6 27. Rd2 Kg7
28. Qd1 Nf6 29. f3 Qc5 30. Kf2 a5 31. Qe2 Rc8 32. Qd3 Rc6 33. Bf1 Bc8 34. Qb5
Be6 35. Qxc5 Rxc5 36. Rd6 Nd7 37. Bc4 Bxc4 38. Nxc4 Rxc4 39. Rxd7 Rc6 40. Ke3
Kf6 41. f4 Ke6 42. Rd5 exf4+ 43. gxf4 f6 44. Kd4 h6 45. c4 Ke7 46. b3 Ke6 47.
a3 Ke7 48. b4 axb4 49. axb4 Ke6 50. b5 Rc7 51. c5 bxc5+ 52. Rxc5 Rd7+ 53. Kc4
Rd1 54. b6 Rb1 55. Rb5 Rc1+ 56. Kd4 Rd1+ 57. Ke3 Rd8 58. b7 Rb8 59. Rb6+ Ke7
60. Kd4 g5 61. hxg5 hxg5 62. fxg5 fxg5 63. e5 g4 64. Ke3 Kd7 65. e6+ Kc7 66.
Rb1 Kd6 67. Kd4 Kxe6 68. Kc5 Ke5 69. Kc6 Kf4 70. Kc7 Rxb7+ 71. Kxb7 g3 72. Kc6
g2 73. Kd5 Kf3 74. Rb3+ Kf2 75. Rb2+ Kf1 76. Rb1+ 1/2-1/2

[Event "Pere Noel"]
[Site "Montreal CAN"]
[Date "2000.12.28"]
[Round "3"]
[White "Ouimet, Bernard"]
[Black "Brodie, Hugh"]
[Result "1-0"]
[WhiteElo "2005"]
[BlackElo "1895"]
[PlyCount "93"]
[EventDate "2000.12.26"]
[EventType "swiss"]
[EventRounds "5"]
[EventCountry "CAN"]

1. e4 c5 2. Nf3 Nc6 3. d4 cxd4 4. Nxd4 g6 5. Nc3 Bg7 6. Be3 Nf6 7. f3 O-O 8.
Qd2 d5 9. Nxc6 bxc6 10. O-O-O e6 11. g4 Rb8 12. Bxa7 Ra8 13. Bd4 Qa5 14. g5 Nd7
15. Bxg7 Kxg7 16. a3 Ba6 17. Na2 Qc7 18. Bxa6 Rxa6 19. Nb4 Rb6 20. Qc3+ Kg8 21.
exd5 Qf4+ 22. Qd2 Qxd2+ 23. Rxd2 cxd5 24. Nd3 Rc8 25. Re1 Nb8 26. Ne5 Na6 27.
Re3 Rc7 28. b4 Kg7 29. Rb3 f6 30. gxf6+ Kxf6 31. Nd3 Rc4 32. Re2 g5 33. Kb2 Ke7
34. c3 d4 35. cxd4 Rxd4 36. Re4 Rd5 37. a4 Rbd6 38. Kc2 h6 39. b5 Nc5 40. Nxc5
Rxc5+ 41. Rc3 Rcd5 42. Re2 Rd1 43. Rce3 R1d4 44. Kb3 Kd7 45. Rc3 Rf4 46. Re4
Rf5 47. Rb4 1-0

[Event "Pere Noel"]
[Site "Montreal CAN"]
[Date "2000.12.29"]
[Round "4"]
[White "Brodie, Hugh"]
[Black "Marcone, Malcom"]
[Result "1-0"]
[WhiteElo "1895"]
[BlackElo "1995"]
[PlyCount "63"]
[EventDate "2000.12.26"]
[EventType "swiss"]
[EventRounds "5"]
[EventCountry "CAN"]

1. e4 e6 2. d3 d5 3. Nd2 Nf6 4. g3 c5 5. Bg2 Nc6 6. Ngf3 Be7 7. O-O b6 8. Re1
Bb7 9. e5 Nd7 10. Nf1 Qc7 11. Bf4 O-O-O 12. c3 Rdg8 13. d4 g5 14. Be3 g4 15.
N3d2 h5 16. Nb3 h4 17. a4 c4 18. Nbd2 Na5 19. b3 Nf8 20. bxc4 dxc4 21. Ne4 Bc6
22. Bc1 Qd7 23. Ne3 Nb3 24. Ra2 Bxa4 25. Nxc4 b5 26. Ncd6+ Bxd6 27. Nxd6+ Kb8
28. Qd3 Ng6 29. Qe4 Ne7 30. Qa8+ Kc7 31. Qxa7+ Kd8 32. Nxf7+ 1-0

[Event "Pere Noel"]
[Site "Montreal CAN"]
[Date "2000.12.30"]
[Round "5"]
[White "Brassard, Sylvain"]
[Black "Brodie, Hugh"]
[Result "1/2-1/2"]
[WhiteElo "1795"]
[BlackElo "1895"]
[PlyCount "142"]
[EventDate "2000.12.26"]
[EventType "swiss"]
[EventRounds "5"]
[EventCountry "CAN"]

1. b3 f5 2. Bb2 Nf6 3. e3 e6 4. Nf3 b6 5. c4 Bb7 6. d4 Bb4+ 7. Nbd2 O-O 8. Be2
Qe8 9. O-O Qg6 10. g3 Bxd2 11. Nxd2 d6 12. Bf3 Ne4 13. Bg2 Nd7 14. f3 Ng5 15.
Qe2 e5 16. dxe5 dxe5 17. f4 Bxg2 18. Qxg2 exf4 19. Qd5+ Qf7 20. Qxf7+ Nxf7 21.
exf4 Nd6 22. Rfe1 Rfe8 23. Nf3 Nc5 24. Rad1 Rad8 25. Be5 Nce4 26. Kf1 Rd7 27.
Nd4 g6 28. Nc6 a5 29. Rd5 Rf7 30. Bb2 Kf8 31. Ba3 Kg7 32. Ne5 Rfe7 33. Rc1 Re6
34. c5 Nf6 35. Rd2 Nde4 36. Rdc2 b5 37. c6 Rd8 38. Bb2 Kf8 39. Nd7+ Nxd7 40.
cxd7 Rxd7 41. Rxc7 Red6 42. Rxd7 Rxd7 43. Rc2 Ke7 44. Ke2 Kd6 45. Rc1 Ke6 46.
Rd1 Rxd1 47. Kxd1 Kd5 48. Ke2 a4 49. bxa4 bxa4 50. Kd3 Nf2+ 51. Ke2 Ng4 52. h3
Nh6 53. Kd3 Ng8 54. Ba3 Nf6 55. Kc3 Ne4+ 56. Kb4 Nxg3 57. Kxa4 Ne2 58. Kb5 Nxf4
59. Bc1 Ne2 60. Bd2 f4 61. a4 g5 62. a5 Nd4+ 63. Kb6 Nc6 64. a6 Kd6 65. Kb7 Kd7
66. Be1 h6 67. Bf2 h5 68. Kb6 Kd6 69. Kb5 Kd5 70. Kb6 Kd6 71. Kb7 Kd7 1/2-1/2

[Event "National op"]
[Site "Las Vegas USA"]
[Date "1999.??.??"]
[Round "1"]
[White "Brodie, Hugh"]
[Black "Brooks, Michael"]
[Result "0-1"]
[WhiteElo "2075"]
[BlackElo "2475"]
[PlyCount "54"]
[EventDate "1999.??.??"]
[EventType "swiss"]
[EventRounds "6"]
[EventCountry "USA"]

1. e4 e6 2. d3 d5 3. Nd2 Bc5 4. Ngf3 Nc6 5. g3 Nf6 6. Bg2 dxe4 7. dxe4 b6 8.
O-O e5 9. h3 a5 10. b3 Qe7 11. Bb2 Ba6 12. c4 Ba3 13. Qc1 Bxb2 14. Qxb2 O-O 15.
Rfe1 Rfe8 16. Nb1 Nb4 17. Bf1 Rad8 18. Nc3 Nd3 19. Bxd3 Rxd3 20. Kg2 Qb4 21.
Nd5 Nxd5 22. cxd5 f5 23. Qe2 fxe4 24. Qxe4 Qxe4 25. Rxe4 Bb7 26. Rxe5 Rxe5 27.
Nxe5 Rxd5 0-1

[Event "National op"]
[Site "Las Vegas USA"]
[Date "1999.??.??"]
[Round "2"]
[White "Spicer, Christopher"]
[Black "Brodie, Hugh"]
[Result "1/2-1/2"]
[WhiteElo "2015"]
[BlackElo "2075"]
[PlyCount "139"]
[EventDate "1999.??.??"]
[EventType "swiss"]
[EventRounds "6"]
[EventCountry "USA"]

1. d4 e6 2. c4 f5 3. g3 Nf6 4. Bg2 d5 5. Nf3 c6 6. O-O Bd6 7. b3 Qe7 8. Bb2 O-O
9. Qc1 Nbd7 10. Ba3 e5 11. dxe5 Nxe5 12. Bxd6 Qxd6 13. cxd5 Nxd5 14. e3 Be6 15.
Rd1 Rfd8 16. Qb2 Nxf3+ 17. Bxf3 Qc7 18. Na3 Nf6 19. Qc2 Qe7 20. Nc4 Bxc4 21.
Qxc4+ Kf8 22. Rac1 g6 23. Rd4 Rd7 24. Rxd7 Nxd7 25. Qd4 Nf6 26. Rd1 a6 27. Kg2
Rc8 28. a4 Rc7 29. Qa7 Rd7 30. Qb8+ Kf7 31. Rxd7 Qxd7 32. Qf4 Ke7 33. h4 Qd6
34. Qh6 Qe6 35. Qg7+ Qf7 36. Qh6 Qxb3 37. Qf4 Qe6 38. Qc7+ Qd7 39. Qe5+ Qe6 40.
Qc7+ Qd7 41. Qe5+ Kf7 42. a5 Qe7 43. Qb2 Ne8 44. Bd1 Nf6 45. h5 gxh5 46. Bb3+
Kg6 47. Bd1 Ng4 48. Bc2 Nf6 49. Qd4 Ne4 50. f3 Nd6 51. g4 hxg4 52. fxg4 Qf6 53.
gxf5+ Kf7 54. Qd3 Qe5 55. Qe2 Qg7+ 56. Kf1 Qg5 57. Qd3 Qh6 58. Ke1 Qh1+ 59. Kd2
Qh2+ 60. Kc1 Qe5 61. e4 Kf6 62. Qh3 Qf4+ 63. Kb1 Nxe4 64. Qxh7 Nc3+ 65. Kb2
Qb4+ 66. Kc1 Na2+ 67. Kd1 Qg4+ 68. Ke1 Qg1+ 69. Ke2 Qg2+ 70. Ke3 1/2-1/2

[Event "National op"]
[Site "Las Vegas USA"]
[Date "1999.??.??"]
[Round "3"]
[White "Brodie, Hugh"]
[Black "Rust, Larry"]
[Result "1-0"]
[WhiteElo "2075"]
[BlackElo "1975"]
[PlyCount "101"]
[EventDate "1999.??.??"]
[EventType "swiss"]
[EventRounds "6"]
[EventCountry "USA"]

1. e4 c5 2. Nf3 Nc6 3. Bb5 g6 4. O-O Bg7 5. c3 Nf6 6. e5 Nd5 7. d4 cxd4 8. cxd4
Nc7 9. Bc4 d5 10. Bd3 Bg4 11. Be3 O-O 12. Nbd2 Ne6 13. Qa4 f5 14. exf6 Bxf6 15.
Bb5 Qd6 16. Bxc6 bxc6 17. Ne5 Be2 18. Rfe1 Bb5 19. Qc2 Rac8 20. Ndf3 c5 21.
dxc5 Nxc5 22. Bxc5 Rxc5 23. Qb3 Kg7 24. Ng4 Bc4 25. Qe3 d4 26. Qh6+ Kg8 27.
Nxf6+ Qxf6 28. Qh4 Qxh4 29. Nxh4 e5 30. Nf3 Re8 31. Nxd4 Bf7 32. Nf3 e4 33. Nd2
Bd5 34. Rac1 Rxc1 35. Rxc1 e3 36. fxe3 Rxe3 37. Kf2 Re5 38. Rc8+ Kf7 39. Rc7+
Re7 40. Rxe7+ Kxe7 41. a3 Kd6 42. g3 a5 43. Ke3 Kc5 44. Kd3 a4 45. Kc3 Kb5 46.
Kd4 Bf7 47. Ne4 Bb3 48. Nf6 h5 49. Nd5 Bc2 50. Nc3+ Kc6 51. Kc4 1-0

[Event "National op"]
[Site "Las Vegas USA"]
[Date "1999.??.??"]
[Round "4"]
[White "John, David"]
[Black "Brodie, Hugh"]
[Result "1-0"]
[WhiteElo "2295"]
[BlackElo "2075"]
[PlyCount "65"]
[EventDate "1999.??.??"]
[EventType "swiss"]
[EventRounds "6"]
[EventCountry "USA"]

1. e4 c5 2. Nf3 Nc6 3. Bb5 g6 4. O-O Bg7 5. Re1 Nf6 6. Bxc6 dxc6 7. d3 O-O 8.
Nbd2 Qc7 9. h3 h6 10. e5 Ne8 11. b3 Be6 12. Bb2 Qd7 13. Qe2 Nc7 14. Ne4 b6 15.
c4 Rad8 16. Rad1 Qc8 17. Qe3 Qa8 18. g4 Rd7 19. Nh4 Kh7 20. f4 f5 21. exf6 exf6
22. Nxg6 Kxg6 23. f5+ Kh7 24. fxe6 Re7 25. Qf4 f5 26. Bxg7 Rxg7 27. e7 Rff7 28.
Nd6 Rxe7 29. Nxf5 Rxe1+ 30. Rxe1 Rf7 31. Qxh6+ Kg8 32. Ne7+ Rxe7 33. Rxe7 1-0

[Event "National op"]
[Site "Las Vegas USA"]
[Date "1999.??.??"]
[Round "6"]
[White "Richmond, Barrie"]
[Black "Brodie, Hugh"]
[Result "1-0"]
[WhiteElo "2260"]
[BlackElo "2075"]
[PlyCount "65"]
[EventDate "1999.??.??"]
[EventType "swiss"]
[EventRounds "6"]
[EventCountry "USA"]

1. d4 e6 2. c4 f5 3. g3 Nf6 4. Bg2 d5 5. Nf3 c6 6. Qc2 Bd6 7. O-O O-O 8. b3 Qe7
9. Bb2 Nbd7 10. Ne5 Ne4 11. f3 Ng5 12. Nd2 Nf7 13. f4 Nf6 14. Ndf3 Nh6 15. h3
Bd7 16. Nxd7 Qxd7 17. Ne5 Qe8 18. Bf3 Ne4 19. Kh2 Qe7 20. Rg1 Kh8 21. e3 g5 22.
Bxe4 fxe4 23. Qe2 Bxe5 24. dxe5 gxf4 25. exf4 Rf5 26. Raf1 Kg8 27. Bc1 Rff8 28.
g4 Nf7 29. Bb2 Qh4 30. Bd4 Qe7 31. Bf2 Kh8 32. Qe1 Qc7 33. Bh4 1-0

[Event "Pere Noel"]
[Site "Montreal CAN"]
[Date "1998.12.26"]
[Round "1"]
[White "Brodie, Hugh"]
[Black "Cormos, Eugene"]
[Result "0-1"]
[WhiteElo "1915"]
[BlackElo "2115"]
[PlyCount "56"]
[EventDate "1998.12.26"]
[EventType "swiss"]
[EventRounds "5"]
[EventCountry "CAN"]

1. e4 e5 2. Nc3 Nc6 3. Bc4 Nf6 4. d3 h6 5. Nf3 Bc5 6. Be3 Bb4 7. O-O Bxc3 8.
bxc3 d6 9. h3 Ne7 10. Qe2 c6 11. Bb3 Qc7 12. Bd2 g5 13. h4 Bg4 14. hxg5 Nh5 15.
Bxf7+ Kxf7 16. Nxe5+ dxe5 17. Qxg4 hxg5 18. Bxg5 Rag8 19. Qf3+ Ke8 20. Be3 Ng6
21. g3 Ngf4 22. Rfb1 Nxg3 23. fxg3 Rxg3+ 24. Qxg3 Ne2+ 25. Kg2 Nxg3 26. Kxg3
Qg7+ 27. Kf2 Rh2+ 28. Ke1 Qg3+ 0-1

[Event "Pere Noel"]
[Site "Montreal CAN"]
[Date "1998.12.27"]
[Round "2"]
[White "Olsen, Willy"]
[Black "Brodie, Hugh"]
[Result "1-0"]
[WhiteElo "1970"]
[BlackElo "1915"]
[PlyCount "46"]
[EventDate "1998.12.26"]
[EventType "swiss"]
[EventRounds "5"]
[EventCountry "CAN"]

1. d4 e6 2. Nf3 f5 3. Bg5 Nf6 4. Nbd2 b6 5. e4 fxe4 6. Nxe4 Be7 7. Ng3 Bb7 8.
Bd3 O-O 9. Bxf6 Bxf6 10. Ne4 Nc6 11. c3 d5 12. Nxf6+ Qxf6 13. O-O e5 14. dxe5
Nxe5 15. Nxe5 Qxe5 16. Qc2 Qh5 17. f4 Rae8 18. Qf2 Re6 19. Rae1 Rfe8 20. Rxe6
Rxe6 21. f5 Re5 22. Qg3 Qe8 23. f6 g6 1-0

[Event "Pere Noel"]
[Site "Montreal CAN"]
[Date "1998.12.28"]
[Round "3"]
[White "Brodie, Hugh"]
[Black "Mogilevsky, Olga"]
[Result "1/2-1/2"]
[WhiteElo "1915"]
[BlackElo "1830"]
[PlyCount "88"]
[EventDate "1998.12.26"]
[EventType "swiss"]
[EventRounds "5"]
[EventCountry "CAN"]

1. e4 e5 2. Nc3 Nc6 3. Bc4 Nf6 4. d3 Bc5 5. f4 exf4 6. Nf3 O-O 7. Bxf4 Re8 8.
Qe2 Nd4 9. Nxd4 Bxd4 10. Nb5 Bb6 11. Bb3 d5 12. e5 a6 13. Na3 Bd4 14. c3 Bg4
15. Qd2 Bxe5 16. O-O Qd6 17. Bxe5 Rxe5 18. Qf4 Rae8 19. d4 R5e6 20. Qg5 Be2 21.
Rfe1 Bd3 22. Qh4 Re4 23. Rxe4 Bxe4 24. Re1 c6 25. Nc2 a5 26. Ne3 Bg6 27. h3 h6
28. Bd1 Re6 29. Ng4 Rxe1+ 30. Qxe1 Nxg4 31. Bxg4 Kf8 32. Qe3 Qe7 33. Kf2 Qxe3+
34. Kxe3 Ke7 35. h4 b6 36. h5 Be4 37. g3 g6 38. Bd1 gxh5 39. Bxh5 Bg6 40. Bg4
f5 41. Bh3 Kf6 42. Kf4 c5 43. Bf1 Be8 44. Bg2 Bf7 1/2-1/2

[Event "Pere Noel"]
[Site "Montreal CAN"]
[Date "1998.12.29"]
[Round "4"]
[White "Mathews, Theo"]
[Black "Brodie, Hugh"]
[Result "0-1"]
[WhiteElo "1695"]
[BlackElo "1915"]
[PlyCount "56"]
[EventDate "1998.12.26"]
[EventType "swiss"]
[EventRounds "5"]
[EventCountry "CAN"]

1. d4 e6 2. c4 f5 3. Nf3 Nf6 4. g3 d5 5. Bg2 c6 6. Qc2 Bd6 7. O-O O-O 8. b3 Qe7
9. Bb2 Ne4 10. Nbd2 Nd7 11. cxd5 exd5 12. a3 Nxd2 13. Qxd2 f4 14. Rfe1 Nf6 15.
Qc2 Ne4 16. Rf1 Bf5 17. Nh4 Nxg3 18. Nxf5 Nxf5 19. Kh1 f3 20. exf3 Qh4 21. f4
Qxf4 22. Bxd5+ cxd5 23. f3 Ne3 24. Qf2 Nxf1 25. Rxf1 Rac8 26. Rg1 Qxf3+ 27.
Qxf3 Rxf3 28. Bc1 Rf2 0-1

[Event "Pere Noel"]
[Site "Montreal CAN"]
[Date "1998.12.30"]
[Round "5"]
[White "Brodie, Hugh"]
[Black "Papineau (Granby), Daniel"]
[Result "1/2-1/2"]
[WhiteElo "1915"]
[BlackElo "1795"]
[PlyCount "96"]
[EventDate "1998.12.26"]
[EventType "swiss"]
[EventRounds "5"]
[EventCountry "CAN"]

1. e4 c6 2. d4 d5 3. Nc3 dxe4 4. Nxe4 Nd7 5. Bc4 Ngf6 6. Ng5 e6 7. Ne2 h6 8.
Nf3 Bd6 9. O-O O-O 10. Ng3 b6 11. Re1 Qc7 12. c3 Bb7 13. Bb3 c5 14. Be3 Rad8
15. Rc1 Nd5 16. dxc5 Nxc5 17. Bxd5 Bxd5 18. Bxc5 Bxc5 19. Qc2 Bxf3 20. gxf3 Qf4
21. Qe4 Qd2 22. Qe2 Qxe2 23. Rxe2 Rd3 24. Kg2 Rfd8 25. Rce1 Rd2 26. Ne4 Rxe2
27. Rxe2 Be7 28. c4 Kf8 29. Rc2 Ke8 30. Kf1 f5 31. Nc3 Bb4 32. a3 Bxc3 33. Rxc3
Rd2 34. b4 Kd7 35. Ke1 Rd4 36. Kf1 Kc6 37. Kg2 a6 38. Kg3 e5 39. a4 g5 40. b5+
axb5 41. cxb5+ Kd7 42. Rc6 Rd6 43. Rc4 Rd4 44. Rc6 Rd6 45. Rc3 Ke6 46. Rc1 Kd5
47. Rd1+ Kc5 48. Rc1+ Kd5 1/2-1/2

[Event "Hull op"]
[Site "Hull CAN"]
[Date "1998.10.24"]
[Round "2"]
[White "Mogilevsky, Olga"]
[Black "Brodie, Hugh"]
[Result "1-0"]
[WhiteElo "1785"]
[BlackElo "2030"]
[PlyCount "93"]
[EventDate "1998.10.23"]
[EventType "swiss"]
[EventRounds "5"]
[EventCountry "CAN"]

1. e4 c5 2. Nf3 Nc6 3. d4 cxd4 4. Nxd4 g6 5. Be3 Nf6 6. Nc3 Bg7 7. f3 O-O 8.
Bc4 Qa5 9. Qd2 Qb4 10. Bb3 Nxe4 11. Nxc6 dxc6 12. Nxe4 Qxd2+ 13. Bxd2 Bxb2 14.
Rd1 Bg7 15. Bc3 Bf5 16. Bxg7 Kxg7 17. Ng3 Rad8 18. Nxf5+ gxf5 19. Ke2 Rd6 20.
Rd3 Rfd8 21. Rhd1 Kf6 22. f4 b5 23. a4 a5 24. c3 h6 25. axb5 cxb5 26. Rxd6+
exd6 27. Rd5 Rc8 28. Rxd6+ Ke7 29. Rd3 a4 30. Ba2 Rc5 31. Kd2 f6 32. Rd5 Rxd5+
33. Bxd5 Kd6 34. Ba2 Kc5 35. Kc2 b4 36. cxb4+ Kxb4 37. Be6 Kc5 38. Bxf5 Kd4 39.
Bd7 a3 40. Kb3 Ke3 41. f5 Kf2 42. Bc6 h5 43. Kxa3 h4 44. Kb4 Ke3 45. Kc5 Kf4
46. Bd7 Ke5 47. Bc8 1-0